Statistics for Manchester City Squad 2020-2021

Click here to take the quiz!

General Stats

  • This quiz has been taken 132 times
  • The average score is 21 of 25

Answer Stats

#PositionNationPlayer% Correct
17MFBelgiumKevin De Bruyne
97%
31GKBrazilEderson Moraes
95%
5DFEnglandJohn Stones
95%
2DFEnglandKyle Walker
95%
7FWEnglandRaheem Sterling
95%
9FWBrazilGabriel Jesus
93%
8MFGermanyIlkay Gündogan
92%
26FWAlgeriaRiyad Mahrez
92%
3DFPortugalRúben Dias
92%
10FWArgentinaSergio Agüero
92%
20FWPortugalBernardo Silva
91%
16MFSpainRodrigo Hernández
91%
-CoachSpainPep Guardiola
90%
14DFSpainAymeric Laporte
87%
6DFNetherlandsNathan Aké
87%
11DFUkraineOleksandr Zinchenko
87%
27DFPortugalJoão Cancelo
86%
13GKUnited StatesZack Steffen
85%
25MFBrazilFernandinho
84%
47MFEnglandPhil Foden
83%
21FWSpainFerran Torres
77%
22DFFranceBenjamin Mendy
76%
33GKEnglandScott Carson
57%
50DFSpainÈric García
51%
34DFNetherlandsPhilippe Sandler
17%

Score Distribution

Percentile by Number Answered

Percent of People with Each Score

Your Score History

You have not taken this quiz